000 00419nam a2200181Ia 4500
001 329
005 20260306140509.0
008 260306t2004||||xx |||||||||||||| ||spa||
041 _aESP
082 _a101
_bM41 2004
100 _aMelendo, Tomás
_eAUT
245 0 _aIntroducción a la filosofía
260 _c2004
300 _a213 páginas :
_c24 cm.
650 _aGEN
654 _aCHU
942 _cLIB
_dJUS
_fJUS
_2ddc
_n
999 _c329
_d329